| 000 | 00352nam a2200145Ia 4500 | ||
|---|---|---|---|
| 005 | 20251222152036.0 | ||
| 008 | 251222s9999||||xx |||||||||||||| ||spa|| | ||
| 020 | _a9786124118258 | ||
| 082 | _a657.904.2/G24 | ||
| 100 | _aGarcía Quispe, José Luis | ||
| 245 | 0 | _aNIIF para Pymes | |
| 250 | _a1ra. ed. | ||
| 264 | _bPacífico Editores | ||
| 942 | _cLIB | ||
| 999 |
_c25869 _d25869 |
||